| 000 | 00627nam a2200205 a 4500 | ||
|---|---|---|---|
| 005 | 20240913064018.0 | ||
| 008 | 100215s2007 mx r 000 0 spa d | ||
| 020 | _a9788430945276 | ||
| 035 | _aUPN01000174731 | ||
| 049 | _aCG | ||
| 050 | 4 |
_aBD161 _bP6.2 2007 |
|
| 100 | 1 |
_aPopper, Karl R. _q(Karl Raimund), _d1902-1994 _9192 |
|
| 245 | 1 | 0 |
_aConocimiento objetivo : _bun enfoque evolucionista / _cKarl R. Popper ; tr. Carlos Solís Santos. |
| 250 | _a5a ed. | ||
| 260 |
_aMadrid : _bTecnos, _c2007. |
||
| 300 | _a446 p. | ||
| 650 | 4 |
_aTeoría del conocimiento _91707 |
|
| 650 | 4 |
_aINDUCCION (LOGICA) _915178 |
|
| 905 | _aLibro | ||
| 999 |
_c146835 _d146835 |
||